00791nam a22002057a 4500003000900000008004100009040007100050082002600121110005800147245005800205260006200263300004400325440004800369505008500417650001700502650001100519650000900530650002500539650002100564AR-CdUCM190404b ||||| |||| 00| 0 spa d aMUNICIPALIDAD PROVINCIAL DEL CUSCOcBIBLIOTECA MUNICIPAL DEL CUSCO a709.8 /bAR772 / 1952 aMinisterio de educación de la república Argentina aLa arquitectura mestiza en las riberas del Titikaca / aBuenos Aires :bAcademia Nacional de Bellas Artes,c1952. a144 páginas ;bIlustraciones,c30 cm. aDocumentos de arte colonial sudamericanon8 aContenido: p.1: Cuaderno 8: La arquitectura mestiza en las riberas del Titikaca. aArte Peruano aPerú aPuno aArquitectura peruana aÉpoca Colonial